US Cities With Most Chinese-Americans - Statistics

General Stats
  • This quiz has been taken 106 times
  • The average score is 14 of 19
Answer Stats
Rank City State Amount % Correct
3 Los Angeles California 77,000
100%
2 San Francisco California 180,000
100%
1 New York City New York 562,000
99%
5 Chicago Illinois 52,000
97%
6 Honolulu Hawaii 51,000
97%
9 Philadelphia Pennsylvania 35,000
97%
13 Seattle Washington 30,000
95%
14 Boston Massachusetts 30,000
94%
11 Houston Texas 34,000
94%
7 San Diego California 43,000
93%
4 San Jose California 75,000
90%
16 Sacramento California 21,000
83%
10 Oakland California 34,000
82%
12 Irvine California 34,000
49%
8 Fremont California 40,000
35%
20 Bellevue Washington 15,000
33%
18 Daly City California 20,000
14%
19 Sunnyvale California 19,000
10%
17 El Monte California 20,000
0%
No matching quizzes found
Score Distribution
Percent of People with Each Score
Percentile by Number Answered
Your Score History
You have not taken this quiz